| 000 | 01624cam a2200229 4500 | ||
|---|---|---|---|
| 001 | L137058 | ||
| 008 | 110830s2006 xxk f 000 0 eng d | ||
| 035 | _a(Sirsi) u137058 | ||
| 041 | 0 | _aeng | |
| 110 | 2 |
_aRoyal Institution of Chartered Surveyors _bArts and Antiques Faculty _94552 |
|
| 245 | 0 | 0 |
_aYour pathway to qualifying in arts and antiques _h[electronic resource] |
| 260 |
_aLondon _bRICS _c2006 |
||
| 505 | 2 | _aIntroduction -- Pathway requirements: arts and antiques APC; arts and antiques ATC -- Competency guidance: accounting principles and procedures; auctioneering; business planning; capital taxation; communication and negotiation; conservation and restoration; insurance; object identification; purchase and sale; research methodologies and techniques; valuation. | |
| 520 | _aProvides information on the area with a general overview of the pathways. Lists the competency requirements of the arts and antiques APC and ATC pathways (as set out in the APC/ATC Requirements and competencies guide July 2006). Describes the main competencies associated with arts and antiques, providing expanded sector specific guidance on each of them. | ||
| 590 | _aKA | ||
| 651 | 4 |
_aUnited Kingdom _y |
|
| 690 | _aCAREERS, EDUCATION AND TRAINING-QUALIFICATION ROUTES | ||
| 690 | _aCAREERS, EDUCATION AND TRAINING-CAREERS IN SURVEYING-CAREERS IN ARTS AND ANTIQUES | ||
| 690 | _aCAREERS, EDUCATION AND TRAINING-QUALIFICATION ROUTES-ASSESSMENT OF PROFESSIONAL COMPETENCE | ||
| 856 | 4 | 0 |
_uhttps://www.rics.org/site/download_feed.aspx?fileID=152&fileExtension=PDF _zView the item free of charge at www.rics.org |
| 942 | _n0 | ||
| 999 |
_c106621 _d106621 |
||